<?xml version="1.0" encoding="UTF-8"?>
<record
    xmlns:xsi="http://www.w3.org/2001/XMLSchema-instance"
    xsi:schemaLocation="http://www.loc.gov/MARC21/slim http://www.loc.gov/standards/marcxml/schema/MARC21slim.xsd"
    xmlns="http://www.loc.gov/MARC21/slim">

  <leader>00884nas a22002297a 4500</leader>
  <controlfield tag="001">216222629</controlfield>
  <controlfield tag="003">UA-OsUOA</controlfield>
  <controlfield tag="005">20220725130251.0</controlfield>
  <controlfield tag="007">ta</controlfield>
  <controlfield tag="008">220725d        un |||p| |||| 00| 0 ukr d</controlfield>
  <datafield tag="040" ind1=" " ind2=" ">
    <subfield code="a">UA-OsUOA</subfield>
    <subfield code="b">ukr</subfield>
    <subfield code="c">UA-OsUOA</subfield>
    <subfield code="d">UA-OsUOA</subfield>
  </datafield>
  <datafield tag="041" ind1=" " ind2=" ">
    <subfield code="a">ukr</subfield>
  </datafield>
  <datafield tag="080" ind1=" " ind2=" ">
    <subfield code="a">02029494</subfield>
  </datafield>
  <datafield tag="090" ind1=" " ind2=" ">
    <subfield code="a">81</subfield>
    <subfield code="b">&#x41F;68</subfield>
  </datafield>
  <datafield tag="110" ind1=" " ind2=" ">
    <subfield code="a">&#x41B;&#x44C;&#x432;&#x456;&#x432;&#x441;&#x44C;&#x43A;&#x438;&#x439; &#x434;&#x435;&#x440;&#x436;&#x430;&#x432;&#x43D;&#x438;&#x439; &#x443;&#x43D;&#x456;&#x432;&#x435;&#x440;&#x441;&#x438;&#x442;&#x435;&#x442;</subfield>
  </datafield>
  <datafield tag="245" ind1=" " ind2=" ">
    <subfield code="a">&#x41F;&#x440;&#x43E;&#x431;&#x43B;&#x435;&#x43C;&#x438; &#x441;&#x43B;&#x43E;&#x432;'&#x44F;&#x43D;&#x43E;&#x437;&#x43D;&#x430;&#x432;&#x441;&#x442;&#x432;&#x430;</subfield>
    <subfield code="b">&#x440;&#x435;&#x441;&#x43F;&#x443;&#x431;&#x43B;&#x456;&#x43A;&#x430;&#x43D;&#x441;&#x44C;&#x43A;&#x438;&#x439; &#x43C;&#x456;&#x436;&#x432;&#x456;&#x434;&#x43E;&#x43C;&#x447;&#x438;&#x439; &#x43D;&#x430;&#x443;&#x43A;&#x43E;&#x432;&#x438;&#x439; &#x437;&#x431;&#x456;&#x440;&#x43D;&#x438;&#x43A;</subfield>
    <subfield code="c">&#x437;&#x430; &#x440;&#x435;&#x434;. &#x414;. &#x421;. &#x41A;&#x430;&#x440;&#x43F;&#x438;&#x43D;</subfield>
  </datafield>
  <datafield tag="260" ind1=" " ind2=" ">
    <subfield code="a">&#x41B;&#x44C;&#x432;&#x456;&#x432;</subfield>
    <subfield code="b">&#x412;&#x43C;&#x449;&#x430; &#x448;&#x43A;&#x43E;&#x43B;&#x430;</subfield>
  </datafield>
  <datafield tag="650" ind1=" " ind2=" ">
    <subfield code="2">UDC</subfield>
    <subfield code="a">81 &#x41B;&#x456;&#x43D;&#x433;&#x432;&#x456;&#x441;&#x442;&#x438;&#x43A;&#x430;. &#x41C;&#x43E;&#x432;&#x43E;&#x437;&#x43D;&#x430;&#x432;&#x441;&#x442;&#x432;&#x43E;. &#x41C;&#x43E;&#x432;&#x438;</subfield>
  </datafield>
  <datafield tag="942" ind1=" " ind2=" ">
    <subfield code="2">udc</subfield>
    <subfield code="c">MG</subfield>
    <subfield code="s">1</subfield>
  </datafield>
  <datafield tag="962" ind1=" " ind2=" ">
    <subfield code="d">1970</subfield>
  </datafield>
  <datafield tag="999" ind1=" " ind2=" ">
    <subfield code="c">572792 </subfield>
    <subfield code="d">572792</subfield>
  </datafield>
  <datafield tag="952" ind1=" " ind2=" ">
    <subfield code="0">0</subfield>
    <subfield code="1">0</subfield>
    <subfield code="2">udc</subfield>
    <subfield code="4">0</subfield>
    <subfield code="7">0</subfield>
    <subfield code="a">103</subfield>
    <subfield code="b">103</subfield>
    <subfield code="d">2022-07-25</subfield>
    <subfield code="h">&#x2116; 31 </subfield>
    <subfield code="l">0</subfield>
    <subfield code="o">81 &#x41F;68</subfield>
    <subfield code="p">216222629</subfield>
    <subfield code="r">2022-07-25 00:00:00</subfield>
    <subfield code="w">2022-07-25</subfield>
    <subfield code="y">MGN</subfield>
    <subfield code="z">&#x41A;&#x440;&#x430;&#x439;&#x447;&#x438;&#x43D;&#x441;&#x44C;&#x43A;&#x430; &#x413;. &#x412;. 2 &#x448;&#x442;.</subfield>
  </datafield>
  <datafield tag="952" ind1=" " ind2=" ">
    <subfield code="0">0</subfield>
    <subfield code="1">0</subfield>
    <subfield code="2">udc</subfield>
    <subfield code="4">0</subfield>
    <subfield code="7">0</subfield>
    <subfield code="a">103</subfield>
    <subfield code="b">103</subfield>
    <subfield code="d">2022-07-25</subfield>
    <subfield code="h">&#x2116; 35</subfield>
    <subfield code="l">0</subfield>
    <subfield code="o">81 &#x41F;68</subfield>
    <subfield code="p">216222630</subfield>
    <subfield code="r">2022-07-25 00:00:00</subfield>
    <subfield code="w">2022-07-25</subfield>
    <subfield code="y">MGN</subfield>
    <subfield code="z">&#x41A;&#x440;&#x430;&#x439;&#x447;&#x438;&#x43D;&#x441;&#x44C;&#x43A;&#x430; &#x413;. &#x412;.</subfield>
  </datafield>
  <datafield tag="952" ind1=" " ind2=" ">
    <subfield code="0">0</subfield>
    <subfield code="1">0</subfield>
    <subfield code="2">udc</subfield>
    <subfield code="4">0</subfield>
    <subfield code="7">0</subfield>
    <subfield code="a">103</subfield>
    <subfield code="b">103</subfield>
    <subfield code="d">2022-07-25</subfield>
    <subfield code="h">&#x2116; 37</subfield>
    <subfield code="l">0</subfield>
    <subfield code="o">81 &#x41F;68</subfield>
    <subfield code="p">216222631</subfield>
    <subfield code="r">2022-07-25 00:00:00</subfield>
    <subfield code="w">2022-07-25</subfield>
    <subfield code="y">MGN</subfield>
    <subfield code="z">&#x41A;&#x440;&#x430;&#x439;&#x447;&#x438;&#x43D;&#x441;&#x44C;&#x43A;&#x430; &#x413;. &#x412;.</subfield>
  </datafield>
  <datafield tag="952" ind1=" " ind2=" ">
    <subfield code="0">0</subfield>
    <subfield code="1">0</subfield>
    <subfield code="2">udc</subfield>
    <subfield code="4">0</subfield>
    <subfield code="7">0</subfield>
    <subfield code="a">103</subfield>
    <subfield code="b">103</subfield>
    <subfield code="d">2022-07-25</subfield>
    <subfield code="h">&#x2116; 39</subfield>
    <subfield code="o">81 &#x41F;68</subfield>
    <subfield code="p">216222632</subfield>
    <subfield code="r">2022-07-25 00:00:00</subfield>
    <subfield code="w">2022-07-25</subfield>
    <subfield code="y">MGN</subfield>
    <subfield code="z">&#x41A;&#x440;&#x430;&#x439;&#x447;&#x438;&#x43D;&#x441;&#x44C;&#x43A;&#x430; &#x413;. &#x412;.</subfield>
  </datafield>
</record>
